Národné účty - informačný systém štátu
Potreba zavedenia systému národných účtov - súčasti integrovanej informačnej sústavy štátu. Opis podvojného zachytávania údajov podľa jednotlivých fáz reprodukčného procesu (výroba, spotreba, akumulácia, zahraničie). Nevyhnutné predpoklady na dostatok informácií pre rozhodovanie centrálnych orgánov...
Gespeichert in:
| 1. Verfasser: | |
|---|---|
| Format: | Buchkapitel |
| Sprache: | Slowakisch |
| Schlagworte: | |
| Tags: |
Keine Tags, Fügen Sie das erste Tag hinzu!
|
MARC
| LEADER | 00000naa a2200000 4500 | ||
|---|---|---|---|
| 001 | r015776 | ||
| 005 | 20221213113445.8 | ||
| 041 | 0 | |a slo | |
| 044 | |a SK | ||
| 245 | 1 | 0 | |a Národné účty - informačný systém štátu |c R. Hölcz |
| 520 | |a Potreba zavedenia systému národných účtov - súčasti integrovanej informačnej sústavy štátu. Opis podvojného zachytávania údajov podľa jednotlivých fáz reprodukčného procesu (výroba, spotreba, akumulácia, zahraničie). Nevyhnutné predpoklady na dostatok informácií pre rozhodovanie centrálnych orgánov štátu. | ||
| 610 | 2 | 0 | |a systémy informačné |
| 610 | 2 | 0 | |a proces reprodukčný |
| 610 | 2 | 0 | |a účty národné |
| 610 | 2 | 0 | |a orgány štátne |
| 100 | 1 | |a Hölcz, Róbert | |